| 000 | 01622nam a22002657a 4500 | ||
|---|---|---|---|
| 005 | 20120828142444.0 | ||
| 010 | _aB-461843-847 | ||
| 020 |
_a9788129113177 _c295.00 |
||
| 035 | _aB-461843-847 | ||
| 037 |
_adpl _bAllied Pub/Ven |
||
| 082 | _a954.16 | ||
| 100 |
_aSmith, R.V. _951824 |
||
| 245 |
_aCapital vignettes; _ba peep into Delhi's ethos/ _cby R.V.Smith |
||
| 260 |
_aNew Delhi _bRupa _c2008 |
||
| 270 |
_a7/16 Ansari Road Daryaganj _bNew Delhi _e110002 |
||
| 300 |
_a204p. _c23cm(pbk) |
||
| 500 | _aIt includes Index, Glossary | ||
| 942 |
_2ddc _cEN _mSMI _h954.16 |
||
| 999 |
_c69445 _d69445 |
||